მოსავლის აღების შემდგომი დამუშავების მეთოდები და სამაცივრო შენახვის კრიტერიუმები სამებაღეო კულტურებისათვის. (ბიბ.ჩანაწერი № 59666)
[ მარტივი ფორმატი ]
| 000 -ლიდერი | |
|---|---|
| ფიქსირებული სიგრძის საკონტროლო ველი | 01955nam a22001937a 4500 |
| 003 - საკონტროლო ნომრის იდენტიფიკატორი | |
| საკონტროლო ველი | Ge_BSU |
| 005 - ბოლო ოპერაციის თარიღი და დრო | |
| საკონტროლო ველი | 20230330155148.0 |
| 008 - ფიქსირებული სიგრძის მონაცემთა ელემენტები - ზოგადი ინფორმაცია | |
| ფიქსირებული სიგრძის საკონტროლო ველი | 230330s ge ||||| |||| 00| 0 geo d |
| 041 ## - ენის კოდი | |
| Language code of text/sound track or separate title | geo |
| 080 ## - უნივერსალური ათობითი კლასიფიკაციის ინდექსი | |
| Universal Decimal Classification number | 634.1 : 631.56 მ-86 |
| 245 ## - ცნობა სათაურის შესახებ | |
| Title | მოსავლის აღების შემდგომი დამუშავების მეთოდები და სამაცივრო შენახვის კრიტერიუმები სამებაღეო კულტურებისათვის. |
| 264 ## - წარმოების, გამოცემის, დისტრიბუციის და სხვა ცნობები | |
| გამოცემის, წარმოების, დისტრიბუციის... ადგილი | [თბილისი], |
| გამოცემის, წარმოების, დისტრიბუციის... თარიღი | [2002]. |
| 300 ## - ფიზიკური აღწერა | |
| Extent | 144 გვ.; |
| Other physical details | 30 სმ. |
| 500 ## - ზოგადი შენიშვნა | |
| General note | სახელმძღვანელო ნათარგმია ამერიკის შეერთებული შტატების საერთაშორისო განვითარების (USAID) სასოფლო-სამეურნეო წარმოების ეფექტიანობის (REAP) პროექტის ფარგლებში |
| 653 ## - INDEX TERM--UNCONTROLLED | |
| Uncontrolled term | მოსავლის აღება |
| 653 ## - INDEX TERM--UNCONTROLLED | |
| Uncontrolled term | სამებაღეო კულტურები |
| 856 ## - ELECTRONIC LOCATION AND ACCESS | |
| Uniform Resource Identifier | https://gfa.org.ge/wp-content/uploads/2018/10/%E1%83%9B%E1%83%9D%E1%83%A1%E1%83%90%E1%83%95%E1%83%9A%E1%83%98%E1%83%A1-%E1%83%90%E1%83%A6%E1%83%94%E1%83%91%E1%83%98%E1%83%A1-%E1%83%A8%E1%83%94%E1%83%9B%E1%83%93%E1%83%92%E1%83%9D%E1%83%9B%E1%83%98-%E1%83%93%E1%83%90%E1%83%9B%E1%83%A3%E1%83%A8%E1%83%90%E1%83%95%E1%83%94%E1%83%91%E1%83%98%E1%83%A1-%E1%83%9B%E1%83%94%E1%83%97%E1%83%9D%E1%83%93%E1%83%94%E1%83%91%E1%83%98-%E1%83%93%E1%83%90-%E1%83%A1%E1%83%90%E1%83%9B%E1%83%90%E1%83%AA%E1%83%98%E1%83%95%E1%83%A0%E1%83%9D-%E1%83%A8%E1%83%94%E1%83%9C%E1%83%90%E1%83%AE%E1%83%95%E1%83%98%E1%83%A1-%E1%83%99%E1%83%A0%E1%83%98%E1%83%A2%E1%83%94%E1%83%A0%E1%83%98%E1%83%A3%E1%83%9B%E1%83%94%E1%83%91%E1%83%98.pdf |
| Link text | ელ. ვერსია. pdf |
| 942 ## - ADDED ENTRY ELEMENTS (KOHA) | |
| Source of classification or shelving scheme | |
| Koha item type | წიგნი |
| ჩამოწერის სტატუსი | დაკარგული ეგზემპლარის სტატუსი | კლასიფიკაციის წყარო ან თაროზე გაწყობის სქემა | დაზიანების სტატუსი | არ გაიცემა | მუდმივი მდებარეობა (დაცვის ადგილი) | ამჟამინდელი ადგილსამყოფელი | თაროზე განთავსების ადგილი | შეძენის თარიღი | ღირებულება, შესყიდვის ნორმალური ფასი | სრული შენახვის შიფრი | შტრიხკოდი | ბოლო ოპერაციის თარიღი | ეგზემპლარის მიმდევრობითი ნომერი (კეტერი?) | ფასის ძალაში შესვლის თარიღი | ეგზემპლარის სახეობა | საჯარო შენიშვნა |
|---|---|---|---|---|---|---|---|---|---|---|---|---|---|---|---|---|
| ბათუმის შოთა რუსთაველის სახელმწიფო უნივერსიტეტის მთავარი ბიბლიოთეკა | ბათუმის შოთა რუსთაველის სახელმწიფო უნივერსიტეტის მთავარი ბიბლიოთეკა | წიგნსაცავი | 2023-03-30 | 6.00 | 634.1 : 631.56 მ-86 | 64119 | 2023-03-30 | 64119 | 2023-03-30 | წიგნი | 6 ლ. |
